[Event "National Open"]
[Site "Wuerzburg"]
[Date "2001.??.??"]
[Round "3"]
[White "Akobian, V."]
[Black "Schwartzman, G."]
[Result "1-0"]
[WhiteElo "2413"]
[BlackElo "2617"]
[Annotator "Akobian Varuzhan"]
[PlyCount "75"]
[EventDate "2002.06.08"]
[WhiteTeam "USA"]
[BlackTeam "USA"]
[WhiteTeamCountry "USA"]
[BlackTeamCountry "USA"]

1. d4 f5 2. Nf3 Nf6 3. c4 g6 4. g3 Bg7 5. Bg2 d6 6. O-O O-O 7. Nc3 c6 8. Qc2
Na6 9. a3 Qe8 10. d5 e5 11. dxe6 Bxe6 12. b3 Nc5 13. Bb2 a5 14. Rad1 Rd8 15.
Ng5 $5 (15. Nd4 Qe7 $6 (15... Bf7 16. e3 Qe7 17. Rfe1 Rde8 $11) 16. Nxe6 Qxe6
17. e3 $14) 15... Bc8 16. b4 axb4 17. axb4 Ne6 18. Nf3 f4 19. b5 g5 20. bxc6
bxc6 21. Ba3 c5 22. Nb5 fxg3 23. hxg3 Ng4 $2 (23... Qe7 24. Ne1 Nc7 25. Na7 Bd7
26. Nc6 Bxc6 27. Bxc6 Qe6 28. Bc1 h6 29. Nd3 Qh3 30. Bg2 Qh5 31. f3 $11) 24.
Rxd6 $1 Rxd6 25. Nxd6 Qh5 26. Rd1 Nd4 $2 {Diagram #} (26... Bd4 27. Rxd4 $1
Nxd4 28. Qe4 Nxf3+ (28... Nf6 29. Qe7 Nc6 30. Qe3 g4 31. Ng5 Bd7 32. Nde4 Nxe4
33. Bxe4 Re8 34. Bd5+ Kg7 35. Bb2+ Kh6 36. Ne6+ Kg6 37. Be4+ Kf7 38. Qf4+ Kg8
39. Qf6 $18) 29. exf3 Qh2+ 30. Kf1 Nf6 31. Qe3 Bh3 32. Qxg5+ Kh8 33. Bxh3 Qxh3+
34. Kg1 Qh5 35. Qxh5 Nxh5 36. f4 Kg8 37. Bxc5 $18) 27. Qe4 $1 Nxf3+ 28. exf3
Qh2+ 29. Kf1 Nf6 30. Qe7 Bh3 31. Bxh3 Qxh3+ 32. Kg1 h5 33. Ne4 $1 Qf5 (33...
Nxe4 34. Rd7 $1 Qxd7 35. Qxd7 Nf6 36. Qf5 $18) 34. Bb2 $1 Ne8 (34... Qxf3 35.
Rd7 $1 Ne8 36. Bxg7 $18) 35. Bxg7 Nxg7 36. Rd7 Qg6 37. Rd6 $1 Qf7 38. Nf6+ 1-0

[Event "30th  World Open Playoffs"]
[Site "?"]
[Date "2002.??.??"]
[Round "?"]
[White "Akobian, V."]
[Black "Onischuk, A."]
[Result "1-0"]
[WhiteElo "2570"]
[BlackElo "2746"]
[Annotator "Akobian Varuzhan"]
[PlyCount "81"]
[EventDate "2002.??.??"]
[WhiteTeam "USA"]
[BlackTeam "USA"]
[WhiteTeamCountry "USA"]
[BlackTeamCountry "USA"]

1. d4 Nf6 2. c4 e6 3. Nc3 Bb4 4. e3 O-O 5. Nge2 b6 6. a3 Bxc3+ 7. Nxc3 Bb7 8.
Bd3 Bxg2 9. Rg1 Bb7 10. e4 Ne8 11. Qh5 g6 12. Qh6 Nc6 13. Bg5 f6 14. Be3 e5 15.
d5 Nd4 16. O-O-O Qe7 17. Ne2 (17. Bxd4 exd4 18. Ne2 c5 19. dxc6 dxc6 20. Nxd4
Ng7 21. f4 Rad8 22. Nc2 f5 23. e5 Ne6 24. Ne3 $14) 17... Nb3+ 18. Kb1 Nc5 19.
Bc2 a5 20. Rg2 Ba6 21. Rdg1 Bxc4 22. Ng3 Kh8 23. Qh4 Ng7 24. Bh6 Rg8 25. Bxg7+
Qxg7 (25... Rxg7 26. Nf5 gxf5 27. Rxg7 Qxg7 28. Rxg7 Kxg7 29. Qg3+ Kh8 30. Qc3
Bb5 31. f4 Re8 32. b4 $1 axb4 33. axb4 Na6 34. exf5 $16) 26. Nf5 Qf7 $2 (26...
g5 27. Qg3 Qf8 28. h4 $13) (26... Qf8 27. Rxg6 Rxg6 28. Rxg6 $18) 27. Nh6 Qg7
28. Nxg8 Rxg8 29. f4 exf4 30. Qxf4 d6 31. h4 Nd7 (31... f5 32. exf5 Nd3 33.
Bxd3 Bxd3+ 34. Ka1 Bxf5 35. h5 $16) 32. Rf2 Ba6 33. Rh1 Rf8 34. h5 g5 35. h6
Qg6 (35... Qe7 36. Qe3 Ne5 37. Rg1) 36. Qg3 Ne5 37. Qc3 Qf7 38. Rg1 Qe7 $2 {
Diagram #} (38... Rg8 39. Ka1 Rg6 40. Qh3 Qd7 41. Qh5) 39. Rxg5 $1 fxg5 40.
Qxc7 $3 Nd7 (40... Rxf2 41. Qxe7 Rf1+ 42. Ka2 $18) 41. Qxd7 1-0

[Event "Imre Konig Mem"]
[Site "San Francisco USA"]
[Date "2002.09.05"]
[Round "2"]
[White "Wojtkiewicz, A."]
[Black "Akobian, V."]
[Result "0-1"]
[WhiteElo "2555"]
[BlackElo "2486"]
[Annotator "Akobian Varuzhan"]
[PlyCount "66"]
[EventDate "2002.09.04"]
[WhiteTeam "USA"]
[BlackTeam "USA"]
[WhiteTeamCountry "USA"]
[BlackTeamCountry "USA"]

1. Nf3 e6 2. c4 d5 3. d4 c5 4. cxd5 exd5 5. g3 Nc6 6. Bg2 Nf6 7. O-O Be7 8. Nc3
O-O 9. b3 Ne4 10. Bb2 Bf6 11. Nxe4 (11. Na4 b6 12. Rc1 Ba6 13. dxc5 Bxb2 14.
Nxb2 bxc5) 11... dxe4 12. Nd2 Bg4 $5 (12... Bxd4 13. Bxd4 Nxd4 14. Nxe4 (14. e3
Nf3+ 15. Nxf3 exf3 16. Qxf3 Rb8 17. Rfd1 Qe7 18. Rd2 Be6 $11) 14... Bg4 15. f3
Bf5 16. e3 Bxe4 17. exd4 Bc6 18. dxc5 $14) 13. h3 Bh5 14. Nxe4 Bxd4 15. Bxd4
cxd4 16. Rc1 Qe7 17. Re1 Rac8 18. Qd2 Rfd8 19. Nc5 Bg6 20. b4 $5 (20. Nd3 Be4
$11) 20... b6 21. Na6 $6 (21. Nb7 Qxb7 22. b5 Qe7 23. bxc6 Be4 $11) (21. Nd3
Be4 $11) 21... Ne5 (21... Be4 $2 22. Bxe4 (22. b5 Bxg2 23. Kxg2 Ne5 24. Rxc8
Rxc8 25. Qxd4 $14)) 22. Rxc8 Rxc8 23. f4 (23. Qxd4 Nd3 24. Rf1 Qxe2 25. Qd7 Rf8
26. Qb5 Be4 27. Bxe4 Qxe4 $15) 23... Nc4 24. Qxd4 Ne3 25. Bf3 $6 (25. Qe5 Qxe5
26. fxe5 Rc2 27. a4 Nxg2 28. Kxg2 h5 $15) 25... f6 $1 {Diagram #} (25... h6 26.
Qe5 Qxe5 27. fxe5 $11) (25... Nc2 $2 26. Rc1 Nxd4 27. Rxc8+ Qf8 28. Rxf8+ Kxf8
29. Kf2 $16) 26. Qb2 Nc2 27. Rd1 Qe3+ 28. Kh1 Qf2 29. Qb3+ Bf7 30. Qd3 (30. Bd5
Ne3 31. Bxf7+ Kf8 32. Rg1 (32. Bd5 Nxd1 33. Qxd1 Qe3 34. Nc5 bxc5 35. Bb7 Re8
36. Bc6 Qe6 37. Bxe8 Qxh3+ 38. Kg1 Qxg3+ 39. Kh1 Kxe8 40. bxc5 Qxf4 $17) 32...
Rc1 $19) 30... Ne3 31. Qd7 (31. Rg1 Be6 32. Nc7 Bxh3 $17) 31... Rf8 32. Rg1 Nf1
33. Qg4 $4 (33. Rg2 Nxg3+ 34. Kh2 Nf1+ 35. Kh1 Qh4 36. Qg4 Qh6 37. Rg1 Ne3 38.
Qg3 Bxa2 $17) 33... Qh2# 0-1

[Event "Imre Konig Mem"]
[Site "San Francisco USA"]
[Date "2002.09.11"]
[Round "6"]
[White "Nakamura, H."]
[Black "Akobian, V."]
[Result "0-1"]
[WhiteElo "2494"]
[BlackElo "2486"]
[Annotator "Akobian Varuzhan"]
[PlyCount "80"]
[EventDate "2002.09.04"]
[WhiteTeam "USA"]
[BlackTeam "USA"]
[WhiteTeamCountry "USA"]
[BlackTeamCountry "USA"]

1. e4 e6 2. d4 d5 3. Nc3 Nf6 4. Bg5 dxe4 5. Nxe4 Nbd7 6. Nxf6+ Nxf6 7. Nf3 h6
8. Be3 (8. Bh4 c5) (8. Bxf6 Qxf6 9. Bd3 Bd6 10. O-O O-O) 8... Nd5 9. Bd3 Nxe3
10. fxe3 Bd6 11. e4 (11. O-O Qe7 12. c3 Bd7 13. Qb3 O-O-O $11) 11... e5 $1 12.
dxe5 (12. Nxe5 Bxe5 13. dxe5 Qg5 $15) (12. c3 exd4 13. cxd4 Bb4+ 14. Kf2 O-O
15. Rf1 Bg4 $15) 12... Bc5 13. Bc4 (13. Bb5+ c6 14. Qxd8+ Kxd8 15. Bc4 Ke7 $11)
13... Qe7 14. Qd2 O-O 15. O-O-O c6 16. Rhf1 b5 17. Bb3 a5 18. a3 (18. c3 a4 19.
Bc2 Be6 20. Kb1 b4 $15) (18. a4 Ba6 19. Rh1 Rfd8 $15) 18... a4 19. Ba2 b4 20.
axb4 a3 $5 (20... Bxb4 21. c3 Bc5 22. Nd4 Bg4 23. Rde1 Qxe5 24. Nxc6 $13) 21.
b3 $2 (21. c3 axb2+ 22. Qxb2 Be6 23. Bxe6 Qxe6 24. bxc5 Rfb8 25. Nd4 Qc4 26.
Qc2 Ra1+ 27. Kd2 Ra2 $15) (21. bxc5 $1 axb2+ 22. Kxb2 Qa7 23. Bb3 Qa3+ 24. Kc3
Qa5+ 25. Kb2 Qa3+ $11) 21... Bxb4 22. c3 Ba5 (22... Qc5 $1 23. Kc2 Ba6 24. Rfe1
Rad8 25. Qe3 Rxd1 26. Qxc5 Bd3+ 27. Kxd1 Bxc5 28. Nd4 Bxd4 29. cxd4 Rd8 30. d5
cxd5 31. exd5 Rxd5 $15) 23. b4 $6 (23. Qd6 Qa7 24. b4 Ba6 25. e6 Bxf1 26. Rxf1
Rad8 27. exf7+ Kh8 $13) 23... Bc7 24. Nd4 Qxe5 25. Nxc6 (25. Rxf7 Rxf7 26. Rf1
Be6 $1 27. Bxe6 Qxe6 28. Nxe6 Rxf1+ 29. Kc2 a2 30. Qd7 Rc1+ 31. Kd2 Rd1+ 32.
Kxd1 a1=Q+ $19) 25... Qe8 26. Nd4 (26. b5 Bg4 27. Rde1 Bxh2 28. e5 Bg3 29. Re4
Be6 $15) 26... Bg4 27. Rde1 Be5 28. h3 Be6 29. Nxe6 fxe6 30. Rf5 (30. Rxf8+
Kxf8 31. Rf1+ Kg8) 30... Bf6 31. Kb1 (31. Qd6 Kh7 32. Qxe6 Bxc3 33. Qxe8 Rfxe8
34. Re2 Bxb4) 31... Kh8 32. Rf3 Be5 33. Rd1 (33. Rxf8+ Qxf8 34. Qd3 Rc8 35. Rf1
Qe8 36. Bc4 Qc6 $15) 33... Qc6 34. Rd3 (34. Qd7 Qxe4+ 35. Qd3 Qh4 36. Qc4 Qg5
37. Qg4 Qxg4 38. hxg4 Rxf3 39. gxf3 Bxc3 $15) 34... Rac8 35. c4 (35. Qe3 Qa4
36. Rg1 Rc6 37. g4 Rfc8 $17) 35... Qb6 $1 36. c5 Rxc5 37. Rxa3 (37. Rd8 Rc8 38.
Rxf8+ Rxf8 $19) 37... Rcc8 38. Rd3 Kh7 $1 {Diagram #} (38... Rf2 39. Rd8+ Kh7
40. Rxc8 Rxd2 41. Rxd2 Qxb4+ 42. Kc2 Qa4+ 43. Bb3 Qxe4+ $17) 39. Rb3 Rf2 40.
Qd3 Rxg2 0-1

[Event "32nd World Open "]
[Site "?"]
[Date "2004.??.??"]
[Round "4"]
[White "Shabalov, A."]
[Black "Akobian, V."]
[Result "0-1"]
[WhiteElo "2674"]
[BlackElo "2603"]
[Annotator "GM Akobian"]
[PlyCount "82"]
[EventDate "2003.11.25"]
[WhiteTeam "USA"]
[BlackTeam "USA"]
[WhiteTeamCountry "USA"]
[BlackTeamCountry "USA"]

1. e4 e6 2. d4 d5 3. e5 c5 4. c3 Qb6 5. Nf3 Nc6 6. a3 c4 {This was the 5th
time we played the same opening in past year and half and before I tried
different moves like 6...cd or early 5...Bd7 with idea of cxd and Bb5 .In this
game i decided to try 6..c4} 7. Nbd2 Na5 {idea to stop b4 break} 8. h4 Bd7 9.
h5 f5 $5 {my point was to gain some space in the kingside so it would be more
difficult for white to attack in the future.} 10. Rb1 {if} (10. exf6 gxf6 11.
Be2 Bd6 12. O-O Ne7 {with idea of 0-0-0 and e5 Rhg8 black has a very good
attcking chances}) 10... Nh6 11. Be2 Be7 12. O-O Rc8 {main idea of this move
to prevent b4} 13. Re1 (13. b4 cxb3 14. Nxb3 Ba4 15. Nfd2 Rxc3 {black wins})
13... Nf7 14. Qc2 {white is prepearing b4} Qc7 $1 {again preventing b4} 15. Nh2
(15. b4 cxb3 16. Nxb3 Ba4 17. Nfd2 Nxb3 18. Nxb3 Qxc3 19. Qxc3 Rxc3 {black is
pawn up without any compensation}) 15... g5 $1 16. Nhf1 (16. hxg6 {is too
dangerous for white} hxg6 17. Nhf1 g5 18. Ra1 g4 19. Ne3 Ng5 {with a big
advantage for black}) 16... g4 17. Ne3 Ng5 18. Qd1 Nb3 $1 19. Bf1 (19. Nxb3 Ba4
20. Bd2 Bxb3 21. Qc1 Ne4 $19) 19... Nxd2 20. Bxd2 Ne4 21. Bc1 {Diagram #} (21.
g3 Nxd2 22. Qxd2 Bg5 23. Bg2 Ba4 24. Qe2 Qf7 {with idea of 0-0 ,Kh8 Qxh5 and
black is much better}) 21... g3 $1 {very importa nt not to allow white to play
g3 Ng2,Nf4 so his pieces will remain undevelopet} 22. f3 (22. fxg3 Nxg3 23. h6
Rg8 $17) (22. f4 O-O 23. Be2 Qa5 24. Rf1 Ba4 25. Qe1 Bb3 {and black is
slightly better}) 22... Nf2 23. Qc2 O-O 24. Be2 (24. Nd1 Nxd1 25. Rxd1 f4 $1
26. Be2 Qd8 27. Kf1 Qe8 28. h6 Qh5 29. Ke1 Be8 $19) 24... Qd8 25. Rf1 Kh8 26.
Bd2 Rg8 27. Rxf2 (27. Be1 Bg5 28. Bxf2 gxf2+ 29. Kxf2 Bh4+ 30. Kg1 Bg3 31. Rf2
Qh4 {black is winning}) 27... gxf2+ 28. Kxf2 Bh4+ 29. Kg1 Bg3 $1 $19 {black is
winning after this move because he has extra exchange and still strong attack}
30. Nf1 Qh4 31. Nxg3 Qxg3 32. Bf1 Qxf3 33. h6 Rg6 34. Re1 Rcg8 35. Bc1 Ba4 36.
Qd2 Qg4 {slightly better would of been} (36... Qh5 37. Qf2 Rg4 $19) 37. Qf2 Qh5
38. Bf4 Rg4 39. Re3 (39. Be2 Rxg2+ 40. Qxg2 Rxg2+ 41. Kxg2 Qh4 42. Rf1 Bc2 43.
Kg1 Be4 $19) 39... Rh4 40. Qf3 Rh1+ 41. Kf2 Rg4 {with idea of Bd1!} 0-1

[Event "32nd World Open"]
[Site "Philadelphia USA"]
[Date "2004.07.04"]
[Round "6"]
[White "Smirin, I."]
[Black "Akobian, V."]
[Result "1/2-1/2"]
[WhiteElo "2816"]
[BlackElo "2603"]
[Annotator "GM Akobian"]
[PlyCount "87"]
[EventDate "2004.07.01"]
[WhiteTeam "USA"]
[BlackTeam "USA"]
[WhiteTeamCountry "USA"]
[BlackTeamCountry "USA"]

1. e4 e6 2. d4 d5 3. Nd2 c5 4. Ngf3 Nf6 5. e5 Nfd7 6. c3 Nc6 7. Bd3 Be7 8. O-O
g5 9. dxc5 g4 10. Nd4 Ndxe5 11. Bb5 Bd7 12. Bxc6 bxc6 13. f4 Nd3 14. b4 a5 15.
N2b3 Nxc1 16. Qxc1 axb4 17. cxb4 Ra4 18. f5 (18. a3 Bf6 $13) 18... O-O (18...
e5 19. f6 Bxf6 20. Qh6 $16) 19. Qf4 (19. fxe6 fxe6) 19... e5 (19... exf5 20.
Nxf5 Bxf5 21. Qxf5 Rxb4 22. Rae1 h6 23. Rf4 Rxf4 24. Qxf4 Bg5 25. Qxg4 Re8 $11)
20. Qxe5 (20. Qxg4+ Kh8 21. Nc2 Bf6 {/\ Rg8->}) 20... Bf6 21. Qe1 Re8 22. Qc3 (
22. Qd2 Bg5 23. Qc3 Re3 $17) 22... Re4 23. Rae1 Rxe1 24. Rxe1 Rxa2 25. Qg3 h5
26. Qd6 (26. h3 Bh4 $19) 26... Kg7 27. b5 (27. Nxc6 Bxc6 28. Qxc6 Rb2 29. Qa4
d4 30. Qa3 d3 $19) 27... cxb5 28. c6 (28. Qxd5 Ra6 29. c6 Bxc6 30. Qxd8 Bxd8
$17) 28... Qb6 (28... Bc8 $2 29. Qxd8 Bxd8 30. Re8 Bb6 31. Rxc8 Ra4 32. c7 $18)
29. Qxd7 Bxd4+ 30. Kh1 {[]} (30. Nxd4 Qxd4+ 31. Kh1 Ra1 32. Qe7 Rxe1+ 33. Qxe1
Qc4 34. Qe3 Kf6 35. Qh6+ Ke5 36. Qh8+ f6) 30... Bc3 $6 $138 (30... Bf6 $1 $19
31. c7 Qf2 32. Rg1 Re2 (32... Be5 33. c8=Q Bxh2 34. Qc3+) 33. c8=Q Re1 34.
Qxf7+ Kxf7 35. Qb7+ Kf8 36. Qb8+ Kg7 37. Qc7+ Kh6) 31. f6+ Kg6 (31... Bxf6 $1
$19 32. c7 Qf2 33. Rg1 Re2 34. c8=Q Re1 $19) 32. c7 {Diagram #} Rxg2 33. c8=Q (
33. Kxg2 Bxe1 34. c8=Q Qf2+ 35. Kh1 Qf1#) (33. Rf1 Rf2 $19) 33... Rxh2+ 34.
Kxh2 Qf2+ 35. Kh1 Qxe1+ 36. Kg2 Qe2+ 37. Kg1 Qe3+ 38. Kg2 Qh3+ 39. Kg1 Qg3+ 40.
Kf1 Qh3+ 41. Kg1 Qe3+ 42. Kg2 Qf3+ 43. Kg1 Qg3+ 44. Kf1 1/2-1/2

[Event "33rd World Open"]
[Site "Philadelphia USA"]
[Date "2005.07.04"]
[Round "8"]
[White "Kamsky, G."]
[Black "Akobian, V."]
[Result "1/2-1/2"]
[WhiteElo "2700"]
[BlackElo "2556"]
[Annotator "GM Akobian"]
[PlyCount "181"]
[EventDate "2005.06.28"]

1. e4 e6 2. d4 d5 3. Nc3 Nf6 4. e5 Nfd7 5. f4 c5 6. Nf3 Nc6 7. Be3 a6 8. Qd2 b5
9. Be2 Qb6 10. O-O cxd4 11. Nxd4 Bc5 12. Rad1 g6 13. a3 Bb7 14. Rf3 Nxd4 15.
Bxd4 Bxd4+ 16. Qxd4 Rc8 17. Rh3 Ke7 18. Kf1 Qxd4 19. Rxd4 h5 20. Re3 Nb8 21.
Rd2 Nc6 22. Na2 Na5 23. b3 Nc6 24. c3 Na5 25. Bd1 Rhd8 26. g3 Rc7 27. Ke1 Rcd7
28. Nb4 Rc7 29. Rd4 Ra8 30. Kd2 Bc8 31. Kc2 Nb7 32. Kb2 Bd7 33. Bf3 a5 34. Nc2
Nd8 35. Rd1 Nc6 36. Be2 Rb8 37. Rc1 Kd8 38. Rd1 Rb6 39. Rd2 a4 40. b4 Rb8 41.
Ne1 Ke7 42. Nf3 Rcc8 43. Bd3 Rh8 44. Re1 Kf8 45. Rc2 Kg7 46. Kc1 Rhc8 47. Kd2
Rh8 48. Ke3 Rhc8 49. h3 Rh8 50. Rh1 Ne7 51. Kf2 Nf5 52. Rhc1 Rh6 53. g4 Ne7 54.
Kg3 Rbh8 55. Rh2 R6h7 56. Rcc2 Rh6 57. Nd4 Rb8 58. Be2 hxg4 59. hxg4 Rxh2 60.
Kxh2 g5 61. fxg5 Ng6 62. Nf3 Rh8+ 63. Kg2 Nh4+ 64. Kg3 Nxf3 65. Bxf3 Kg6 66.
Kf4 Rh3 67. Bg2 Rd3 68. Bf3 Bc6 69. Be2 Rh3 70. Bf1 Rh1 71. Rf2 Be8 72. Be2 Kg7
73. g6 fxg6 74. Bf1 Rg1 75. Rf3 Bc6 76. Kg5 d4 $1 77. Rf6 Be8 78. Bd3 dxc3 79.
Rxe6 Rxg4+ 80. Kxg4 Bd7 81. Kf4 Bxe6 82. Ke3 Bd7 83. Bc2 $2 $138 (83. Kd4 Kf7
84. Kxc3 g5 85. Kd4 g4 $11) 83... Bf5 $2 $138 (83... g5 $1 84. Kd4 g4 85. Kxc3
g3 86. Be4 Bh3 87. Kd4 g2 88. Bxg2 Bxg2 89. Kc5 Bf1 90. Kd6 Kf7 91. Kd7 Bc4 $19
) 84. Bxf5 gxf5 85. Kd3 f4 86. Kxc3 Kg6 87. Kd4 Kf5 88. Kd5 f3 89. e6 f2 90. e7
f1=Q 91. e8=Q 1/2-1/2

[Event "XVIII Carlos Torre Mem KO"]
[Site "Merida MEX"]
[Date "2005.12.20"]
[Round "2.3"]
[White "Akobian, V."]
[Black "Bruzon, L."]
[Result "1-0"]
[WhiteElo "2600"]
[BlackElo "2677"]
[Annotator "GM Akobian"]
[PlyCount "107"]
[EventDate "2005.12.19"]

1. d4 Nf6 2. c4 e6 3. Nc3 Bb4 4. Qc2 d6 5. a3 Bxc3+ 6. Qxc3 O-O 7. Nf3 Nbd7 8.
e3 c5 9. Be2 b6 10. b4 Bb7 11. Bb2 Qe7 12. O-O Rfc8 13. Qb3 Rab8 14. dxc5 dxc5
15. Rfd1 Ne8 16. Qa4 Rc7 17. Rd2 Bc6 18. Qb3 f6 19. Rad1 a5 20. Bc3 Ra8 21.
bxa5 bxa5 22. Ne1 Rb7 $2 (22... Rb8 23. Qc2 $14) 23. Qc2 $2 (23. Qxb7 Bxb7 24.
Rxd7 Qf8 25. Rxb7 $18) 23... e5 24. Nd3 Rab8 25. Ra1 a4 26. Rad1 Nf8 27. Nc1
Ne6 28. Bd3 Ng5 29. h4 e4 30. hxg5 exd3 31. Nxd3 Qe4 32. Nf4 fxg5 33. Qxe4 Bxe4
34. Ne6 $16 Bc6 35. Nxc5 Rb1 36. Bb4 Rxd1+ 37. Rxd1 Rc8 38. f3 Nf6 39. e4 g4
40. e5 Nh5 41. fxg4 Nf4 42. e6 Re8 43. Rd6 Ba8 44. g3 Nh3+ 45. Kf1 Ng5 46. e7
Kf7 47. Ra6 Bf3 48. Nxa4 Bxg4 49. Nc3 Be6 50. Nd5 Ne4 51. Rxe6 Kxe6 52. Nc7+
Kd7 53. Nxe8 Kxe8 54. Kg2 1-0

[Event "37th Olympiad"]
[Site "Turin ITA"]
[Date "2006.06.04"]
[Round "13"]
[White "Lie, K."]
[Black "Akobian, V."]
[Result "0-1"]
[WhiteElo "2493"]
[BlackElo "2575"]
[Annotator "GM Akobian"]
[PlyCount "112"]
[EventDate "2006.05.21"]
[WhiteTeam "USA"]
[BlackTeam "USA"]
[WhiteTeamCountry "USA"]
[BlackTeamCountry "USA"]

1. e4 e6 2. d4 d5 3. e5 c5 4. c3 Nc6 5. Nf3 Bd7 (5... Qb6 {I usually play Qb6
but in this important game I wanted to avoid any preporation. This was the
last round game vs Norway and we needed at least 3.5-0.5 win to win the bronze!
}) 6. Bd3 Rc8 7. dxc5 Bxc5 8. O-O f5 $5 {Idea of this move is to shutdown the
light square bishop or eliminate the e5 strong pawn} 9. Ng5 $2 (9. exf6 Nxf6
10. Bf4 O-O $11 {and black has a nice lead in development}) (9. Nbd2 Nge7 10.
Nb3 Bb6 11. Qe2 O-O $11) 9... Nxe5 10. Bxf5 Qf6 $1 {perhaps my opponent
underestimated the strenct of this move} 11. Bc2 (11. Bxh7 Bb5 $17) 11... Ne7
12. Kh1 (12. Nxh7 Rxh7 13. Bxh7 Bb5 14. Bc2 Bxf1 15. Qxf1 Ng4 $17) 12... h6 13.
Nh3 O-O {black has a big advantage here due to the big lead in development and
the nice activite of the piceces} 14. f4 N5g6 15. Nd2 e5 16. Ne4 (16. fxe5 Qxe5
17. Nf3 Qh5 $17) 16... dxe4 17. Qxd7 e3 $1 {blocking the dark square bishop
and delaying whites development} 18. f5 Nf4 19. Nxf4 exf4 20. Rxf4 e2 21. Qd2 (
21. Bd2 Rfd8 {and white losses the bishop on d2}) 21... Qe5 22. Qe1 Ng6 $1 23.
Rf3 Nh4 24. Rf4 Rce8 {I need to defend e2 before taking the pawn on f5} 25. Bd2
Nxf5 26. Re4 Qxe4 $1 27. Bxe4 Rxe4 $19 28. Qb1 Re5 (28... Ne3 {wins on the spot
} 29. Bxe3 Rf1+ 30. Qxf1 exf1=Q+ 31. Rxf1 Rxe3 {black is up a Bishop}) 29. Be1
{here againg Ne3 was stronger} Ng3+ (29... Ne3 30. h3 Rf1+ 31. Kh2 Bd6 32. g3
Rxe1 33. Qxe1 Nc2 $19) 30. Bxg3 Ref5 31. h4 Rf1+ 32. Kh2 Rxb1 33. Rxb1 Rd8 $1
34. Re1 Rd2 35. b4 Be7 36. Kg1 Bf6 37. Kf2 Rxa2 38. Rxe2 Rxe2+ 39. Kxe2 Bxc3
40. b5 Kf7 41. Bf2 a5 42. Kd3 Bb4 43. Kc4 Ke6 44. g4 Be7 45. h5 a4 46. Bd4 Bf6
47. Bxf6 gxf6 48. Kb4 b6 $1 {final touch} 49. Kxa4 Kd5 50. Kb4 Kd4 51. Kb3 Kc5
52. Kc3 Kxb5 53. Kd4 Kc6 54. Ke4 b5 55. Kf5 b4 56. Kxf6 b3 {I was very happy
to help our team with this important victory to win the Bronze medals in Turin
Olympiad 2006} 0-1

[Event "2nd San Marino Open"]
[Site "?"]
[Date "2006.06.08"]
[Round "5"]
[White "Akobian, V."]
[Black "Areshchenko, A."]
[Result "1-0"]
[WhiteElo "2575"]
[BlackElo "2660"]
[Annotator "GM Akobian"]
[PlyCount "93"]
[EventDate "2006.??.??"]
[WhiteTeam "USA"]
[BlackTeam "USA"]
[WhiteTeamCountry "USA"]
[BlackTeamCountry "USA"]

1. d4 Nf6 2. c4 g6 3. Nc3 d5 4. Nf3 Bg7 5. Bf4 O-O 6. cxd5 Nxd5 7. Be5 Nf6 8.
e3 c5 9. dxc5 Nbd7 10. Bd4 Re8 11. e4 $1 (11. Bb5 $2 e5 12. Bxe5 (12. Nxe5 Nxe5
13. Bxe8 Qxe8 14. O-O $15) 12... Nxe5 13. Qxd8 Nxf3+ 14. gxf3 Rxd8 $18) (11.
Na4 $5) (11. Ne5 $14) 11... e5 12. Be3 Ng4 13. Bg5 f6 14. Qd5+ $1 Kh8 15. h3 $2
(15. Bd2 $1 $16 Qe7 16. h3 Nh6 (16... Nxc5 17. b4 $18 (17. hxg4 $4 Be6 $17))
17. b4 f5 18. Qb3 Nf6 19. Bg5 Qf8 20. Bb5 $16) 15... Nxf2 16. Kxf2 fxg5 17. Bb5
a6 $6 (17... Nf6 18. Qxd8 Rxd8 19. Rad1 Rf8 20. Rd6 $14) 18. Bxd7 Bxd7 19. Rad1
(19. Rhd1 $1 $16) 19... Bc6 20. Qxd8 Raxd8 21. Nxg5 Rd4 22. Nf7+ Kg8 23. Nd6
Rf8+ 24. Ke2 Bf6 25. Rhf1 (25. Rxd4 exd4 26. Nd5 Bh4 $132) 25... Rxd1 26. Rxd1
Bh4 27. Rf1 (27. Rd2 Bf2 28. b4 Bd4 29. Nd5 $16) 27... Rxf1 28. Kxf1 Be7 29.
Nc4 Bxc5 30. Nxe5 Be8 31. Ke2 Kg7 32. Kd3 g5 33. Kc4 Be3 34. Kd5 Bc1 35. Nd3
Bd2 36. Kd6 $18 Bg6 37. Nc5 b6 38. Ne6+ Kh6 39. e5 Bc1 40. b4 Kh5 (40... Ba3
41. Nd5 a5 42. Nd4 axb4 43. Nb3 Kh5 44. g3 Kh6 45. e6 g4 46. h4 Bb2 47. e7 Kg7
48. Nc7 Bc3 49. Nc1 Be1 50. Ne2 $18) 41. g3 $1 $138 g4 42. h4 Bd2 43. Nd5 Bf7 (
43... Be1 44. Nf6+ Kh6 45. Nxg4+ Kh5 46. Nf6+ Kh6 47. g4 Bxh4 48. Ng8#) 44.
Nef4+ Kh6 45. e6 Be8 46. Ke7 $1 Ba4 47. Kf7 1-0

[Event "2nd San Marino Open"]
[Site "?"]
[Date "2006.06.09"]
[Round "7"]
[White "Akobian, V."]
[Black "Torre, E."]
[Result "1-0"]
[WhiteElo "2575"]
[BlackElo "2543"]
[Annotator "GM Akobian"]
[PlyCount "99"]
[EventDate "2006.??.??"]
[WhiteTeam "USA"]
[BlackTeam "USA"]
[WhiteTeamCountry "USA"]
[BlackTeamCountry "USA"]

1. d4 d6 2. Nf3 Bg4 3. c4 Bxf3 4. exf3 c6 5. Nc3 g6 6. Be2 Bg7 7. Be3 Nf6 8. g4
Na6 9. f4 (9. Qb3 $142) (9. a3 $142) 9... Qa5 10. Qd2 d5 11. g5 Nd7 12. cxd5
cxd5 13. Nb5 (13. Bb5 Nc7 14. Bxd7+ Kxd7 15. Rc1 e6 16. f5 gxf5 17. Bf4 Rhc8
$13) 13... Qb6 (13... Qxd2+ 14. Kxd2 O-O 15. Rhc1 $14) 14. Rc1 O-O 15. O-O Ndb8
16. b4 Nc6 17. a3 e6 18. Nc3 $1 Ne7 (18... Nxd4 19. Bd1 Nb3 (19... Rac8 20. Na4
$18) 20. Bxb3 d4 21. Na4 dxe3 22. fxe3 Qb5 23. Rfd1 $14) (18... Bxd4 19. Na4
Bxe3 20. fxe3 Qd8 (20... Qc7 21. b5 $18) 21. Bxa6 bxa6 22. Rxc6 $18) 19. Na4
Qd6 20. Rc2 Rac8 21. Nc5 Nxc5 22. bxc5 Qc7 23. Rb1 Nc6 (23... Nf5 24. Bg4 Rb8
25. Bxf5 gxf5 26. Rcb2 $11) 24. Bb5 Kh8 25. h4 h5 26. Bxc6 bxc6 (26... Qxc6 27.
Rcb2 Rc7 28. Qa5 Ra8 29. Qb5 b6 $1 30. Qxc6 Rxc6 31. cxb6 axb6 32. Rxb6 Rxb6
33. Rxb6 Rxa3 $11) 27. Rcb2 Rb8 28. Rb4 Rxb4 (28... f6 $5) 29. Qxb4 e5 $2 (
29... Kg8 30. Kg2 $14) 30. fxe5 Qd7 31. Bf4 $1 a5 32. Qd2 Ra8 33. a4 Bf8 34.
Bg3 Be7 35. Rb3 Bd8 36. Qf4 $138 Kg8 37. Kh2 Qc8 38. e6 $1 $18 Qxe6 (38... fxe6
39. Rf3 $18) 39. Re3 Qd7 40. Qd6 Qxd6 (40... Ra7 41. Qxd7 Rxd7 42. Re8+ Kg7 (
42... Kh7 43. Be5 f6 44. gxf6 g5 45. hxg5 Kg6 46. Rg8+ Kh7 47. f7 Rxf7 48. Rxd8
$18) 43. Be5+ f6 44. Rxd8 Rxd8 45. Bxf6+ Kf7 46. Bxd8 $18) 41. Bxd6 (41. cxd6
$142 Kf8 42. d7 Be7 43. Bc7 f5 44. gxf6 Bxf6 45. Rf3 Kg7 46. Be5 Bxe5+ 47. dxe5
Rd8 48. e6 $18) 41... f5 (41... f6 42. Re8+ Kf7 43. Rf8+ Ke6 44. gxf6 $18) 42.
Re8+ Kf7 43. Rh8 Rc8 44. Kg2 Ke6 45. Kf3 Ra8 46. Be5 Kd7 47. Rg8 Rc8 48. Rxg6
Be7 49. Rh6 Re8 50. Kf4 1-0